| 000 | 00732nam a2200229 a 4500 | ||
|---|---|---|---|
| 001 | 12830 | ||
| 003 | BD-JhCC | ||
| 005 | 20230517115953.0 | ||
| 008 | 230517s2020 ii |||| |||| 000 0 eng d | ||
| 020 | _a9781648450440 | ||
| 035 | _a(BD-JhCC)12830 | ||
| 040 |
_aBD-JhCC _dBD-JhCC |
||
| 041 | _aeng | ||
| 082 |
_a808.882 _bONE 2020 |
||
| 100 | _aO'Neill, Bill | ||
| 245 |
_aInteresting stories for curious people : _ba collection of fascinating stories relating to history, science, pop culture, and just about anything else you can think of / _cBill O'Neill |
||
| 260 |
_aNew Delhi : _bLak Publishing, _c2020 |
||
| 300 |
_a228 p. : _c22 cm. |
||
| 650 | _aCuriosities and wonders | ||
| 650 | _aPopular culture | ||
| 942 |
_2ddc _cBK |
||
| 999 |
_c12830 _d12830 |
||